000 00672nam a2200181Ia 4500
008 100920s9999 xx 000 0 und d
082 _b24407
_a51 थ 71
100 _aगोळेगावकर श्री.के.
245 _aतेंच आव्हान-तीच माती !.
260 _bगोळेगांवकर श्री. के., नागपूर.
_c1971
300 _a316
_bसाधी
365 _b20
520 _aचरित्र.
630 _aतेंच आव्हान-तीच माती !.
650 _aचरित्र.
730 _aतेंच आव्हान-तीच माती !.
942 _cBOOK
999 _c682819
_d682816